| 000 | 01058nac a22002771i 4500 | ||
|---|---|---|---|
| 003 | EG-ScBUE | ||
| 005 | 20250813085121.0 | ||
| 008 | 250805s1999 ii a f 001 0 eng d | ||
| 020 | _a8122411835 | ||
| 040 |
_aEG-ScBUE _beng _erda _cEG-ScBUE _dEG-ScBUE |
||
| 082 | 0 | 4 |
_a546 _bDEA _222 |
| 100 | 1 |
_aDe, A. K., _eauthor. |
|
| 245 | 1 | 2 |
_aA textbook of inorganic chemistry : _b(for B.Sc. students of Indian Universities) / _cA. K. De, formerly professor of chemistry, Visva-Bharati University, Santiniketan, West Bengal, "Aurora". |
| 250 |
_aEighth edition, _bthoroughly recast and enlarged. |
||
| 264 | 1 |
_aNew Delhi : _bNew Age International (P) Limited, Publishers, _c1999. |
|
| 300 |
_ax, 853 pages : _billustrations ; _c24 cm |
||
| 336 |
_2rdacontent _atext _btxt |
||
| 337 |
_aunmediated _2rdamedia _bn |
||
| 338 |
_avolume _bnc _2rdacarrier |
||
| 500 | _aIncludes index. | ||
| 500 | _aIncludes Appendices. | ||
| 521 | _aFor B.Sc. students of Indian Universities. | ||
| 650 | 7 |
_aChemistry, Inorganic. _2BUEsh |
|
| 655 | _vReading book | ||
| 942 |
_cBB _2ddc |
||
| 999 |
_c1399 _d1399 |
||